Analysis of the construction of the hightemperature gas infrared radiator with the use of virtual prototyping; MATEC Web of Conferences; Vol. 141 : Smart Grids 2017

Bibliografiske detaljer
Parent link:MATEC Web of Conferences
Vol. 141 : Smart Grids 2017.— 2017.— [01019, 4 p.]
Hovedforfatter: Ermolaev A. Anton
Institution som forfatter: Национальный исследовательский Томский политехнический университет (ТПУ) Институт развития стратегического партнерства и компетенций (ИСПК) Отдел сопровождения стратегического партнерства (ОССП)
Andre forfattere: Khaustova O. V. Olga Vladimirovna
Summary:Title screen
Method of virtual prototyping with the following mathematical modeling was used to simulate the heat-mass exchange and combustion during the operation of high-temperature gas infrared radiators, and to find optimal technical solutions for its design. The most authoritative and approved software product Ansys Multiphysics was used. The results of the mathematical modeling of heat and mass transfer in a turbulent reaction medium with combustion reproduce the experimental data produced by a measurement in real operating conditions of the gas-fired infrared heat emitter. The temperature distribution along the height of the ceramic nozzle was established. Obtained results enable estimation of the ignition and combustion zones.
Sprog:engelsk
Udgivet: 2017
Fag:
Online adgang:https://doi.org/10.1051/matecconf/201714101019
http://earchive.tpu.ru/handle/11683/46008
Format: Electronisk Book Chapter
KOHA link:https://koha.lib.tpu.ru/cgi-bin/koha/opac-detail.pl?biblionumber=657268

MARC

LEADER 00000nla2a2200000 4500
001 657268
005 20231216164936.0
035 |a (RuTPU)RU\TPU\network\23770 
035 |a RU\TPU\network\23766 
090 |a 657268 
100 |a 20180122a2017 k y0engy50 ba 
101 0 |a eng 
105 |a y z 100zy 
135 |a drcn ---uucaa 
181 0 |a i  
182 0 |a b 
200 1 |a Analysis of the construction of the hightemperature gas infrared radiator with the use of virtual prototyping  |f A. Ermolaev, O. V. Khaustova 
203 |a Text  |c electronic 
300 |a Title screen 
320 |a [References: 8 tit.] 
330 |a Method of virtual prototyping with the following mathematical modeling was used to simulate the heat-mass exchange and combustion during the operation of high-temperature gas infrared radiators, and to find optimal technical solutions for its design. The most authoritative and approved software product Ansys Multiphysics was used. The results of the mathematical modeling of heat and mass transfer in a turbulent reaction medium with combustion reproduce the experimental data produced by a measurement in real operating conditions of the gas-fired infrared heat emitter. The temperature distribution along the height of the ceramic nozzle was established. Obtained results enable estimation of the ignition and combustion zones. 
461 0 |0 (RuTPU)RU\TPU\network\4526  |t MATEC Web of Conferences 
463 0 |0 (RuTPU)RU\TPU\network\23742  |t Vol. 141 : Smart Grids 2017  |o The Fifth International Youth Forum, October 9-13, 2017, Tomsk, Russia  |o [proceedings]  |f National Research Tomsk Polytechnic University (TPU) ; eds. A. A. Kozyreva, A. O. Zhdanova, G. V. Kuznetsov  |v [01019, 4 p.]  |d 2017 
610 1 |a электронный ресурс 
610 1 |a труды учёных ТПУ 
610 1 |a инфракрасные излучатели 
610 1 |a газовые излучатели 
610 1 |a прототипирование 
610 1 |a математическое моделирование 
610 1 |a тепломассоперенос 
610 1 |a воспламенение 
610 1 |a горение 
700 1 |a Ermolaev  |b A.  |g Anton 
701 1 |a Khaustova  |b O. V.  |c specialist in the field of mechanical engineering  |c expert of Tomsk Polytechnic University  |f 1984-  |g Olga Vladimirovna  |3 (RuTPU)RU\TPU\pers\40025  |9 21195 
712 0 2 |a Национальный исследовательский Томский политехнический университет (ТПУ)  |b Институт развития стратегического партнерства и компетенций (ИСПК)  |b Отдел сопровождения стратегического партнерства (ОССП)  |3 (RuTPU)RU\TPU\col\20253 
801 2 |a RU  |b 63413507  |c 20180426  |g RCR 
856 4 |u https://doi.org/10.1051/matecconf/201714101019 
856 4 |u http://earchive.tpu.ru/handle/11683/46008 
942 |c CF